| 000 | 00809nam a2200253Ia 4500 | ||
|---|---|---|---|
| 003 | OSt | ||
| 005 | 20220923230407.0 | ||
| 006 | a|||||r|||| 00| 0 | ||
| 007 | ta | ||
| 008 | Pun | ||
| 020 | _c200 | ||
| 024 | _a280,722 | ||
| 037 |
_b809, 09/03/2014, H.K. Prakashan _cTextual |
||
| 040 |
_aARTS _cARTS _bPun |
||
| 041 |
_2Pun _aPun |
||
| 082 | _aQ8441v, 153Q0 | ||
| 100 | _aਚਾਂਦਲਾ, ਐਮ ਐਮ | ||
| 245 | 0 |
_aਬੰਦਾ ਬਹਾਦਰ _b ਆਪਣੇ ਹੀ ਨਾਇਬਾਂ ਦੀ ਗਦਾਰੀ ਦਾ Fਿਕਾਰ |
|
| 260 |
_aਚੰਡੀਗੜ _b ਲੋਕਗੀਤ _c2010 |
||
| 300 |
_a239ਪੰ _ccm. |
||
| 650 | _aਧਰਮ | ||
| 942 |
_hQ8441v, 153Q0 _cTEXL _2CC |
||
| 999 |
_c384525 _d384525 |
||